Missing Word: Grammy Song of the Year Quiz Stats

 Plays Quiz Updated Jul 23, 2018

Challenge
Share
Tweet
Embed
Score 0/19 Timer 04:00
0 Plays Today
TItle Missing Word % Correct
Wind Beneath My _____Wings
92.9%
Single Ladies (Put a _____ on It)Ring
88.6%
My _____ Will Go OnHeart
88.2%
Don't _____ WhyKnow
81.1%
Rolling in the _____Deep
80.9%
A _____ New WorldWhole
77.7%
Tears in _____Heaven
72.7%
Kiss from a _____Rose
70.3%
Viva la _____Vida
69.7%
Beautiful _____Day
62.9%
TItle Missing Word % Correct
We Are _____Young
54.8%
_____ of PhiladelphiaStreets
52.6%
_____ You NowNeed
49.3%
Sunny Came _____Home
43.1%
From a _____Distance
37.3%
Not Ready to Make _____Nice
36.1%
Dance With My _____Father
31.4%
_____ the WorldChange
21.4%
_____ You Can't Make It on Your OwnSometimes
13%

Today's Daily Dose

Quick Pick
The Muppets

On This Day
December 19th II

You're not logged in!

Compare scores with friends on all Sporcle quizzes.
OR
Log In

You Might Also Like...

Show Comments

Extras

Top Quizzes Today


Score Distribution

Your Account Isn't Verified!

In order to create a playlist on Sporcle, you need to verify the email address you used during registration. Go to your Sporcle Settings to finish the process.

Report this User

Report this user for behavior that violates our Community Guidelines.

Details: